Statistics for U.S. Vice Presidents by Picture Quiz

Click here to take the quiz!

General Stats

  • This quiz has been taken 1,443 times
  • The average score is 30 of 48

Answer Stats

Answer% Correct
Joe Biden
99%
George H.W. Bush
96%
Richard Nixon
96%
Theodore Roosevelt
96%
Gerald Ford
95%
John Adams
95%
Thomas Jefferson
95%
Harry S. Truman
94%
Mike Pence
94%
Al Gore
92%
Lyndon B. Johnson
92%
Dick Cheney
89%
Andrew Johnson
87%
Calvin Coolidge
85%
Chester A. Arthur
80%
Dan Quayle
80%
John Tyler
77%
Walter Mondale
76%
Spiro Agnew
75%
Hubert Humphrey
70%
Millard Fillmore
70%
Nelson Rockefeller
70%
Aaron Burr
62%
John C. Calhoun
55%
George Clinton
52%
Charles Curtis
49%
John C. Breckinridge
49%
John Nance Garner
49%
Schuyler Colfax
49%
Elbridge Gerry
48%
Alben Barkley
46%
Thomas R. Marshall
46%
Adlai Stevenson
45%
Henry A. Wallace
45%
Martin Van Buren
44%
Charles G. Dawes
43%
Hannibal Hamlin
43%
George M. Dallas
41%
James S. Sherman
40%
Charles W. Fairbanks
39%
Garret Hobart
38%
William R. King
38%
Thomas A. Hendricks
37%
Henry Wilson
36%
Levi P. Morton
36%
Richard M. Johnson
36%
Daniel D. Thompkins
32%
William A. Wheller
30%

Score Distribution

Percentile by Number Answered

Percent of People with Each Score

Your Score History

You have not taken this quiz